Countries Visited at Least 10 times By U.S. Presidents - Statistics

General Stats
  • This quiz has been taken 55 times
  • The average score is 8 of 15
Answer Stats
# of Visits Country % Correct
40 Canada
100%
38 France
88%
35 UK
78%
31 Italy
76%
33 Mexico
73%
22 Germany/Japan
69%
13 China/Brazil
55%
10 Panama/Poland/Spain/Ireland/West Germany/Philippines
53%
15 Russia
47%
19 Belgium
39%
18 South Korea
39%
11 Israel
37%
21 Vatican
33%
16 Egypt
24%
12 Saudi Arabia
24%
No matching quizzes found
Score Distribution
Percent of People with Each Score
Percentile by Number Answered
Your Score History
You have not taken this quiz